Basic Neurosciences with Clinical Applications /

Tallennettuna:
Bibliografiset tiedot
Päätekijä: Benarroch, Eduardo E. (autor)
Aineistotyyppi: Kirja
Kieli:englanti
Julkaistu: Rochester, EUA : Butterworth-Heinemann, 2006, c2006
Aiheet:
Tagit: Lisää tagi
Ei tageja, Lisää ensimmäinen tagi!

MARC

LEADER 00000nam^a2200000^a^4500
001 000262700
005 20250521000000.0
009 20260310110550.309
020 |a 0-7506-7536-5 
037 |a Acervo ITESO - Biblioteca 
041 |a ING 
082 |a 612. 8  |b BEN 
100 |a Benarroch, Eduardo E.  |e (autor) 
245 1 0 |a Basic Neurosciences with Clinical Applications /  |c E.E. Benarroch. 
264 4 |a Rochester, EUA :  |b Butterworth-Heinemann,  |c 2006, c2006 
300 |a XXI, 1087 p. 
336 |a texto  |b txt  |2 rdacontenido 
337 |a sin mediación  |b n  |2 rdamedio 
338 |a volumen  |b nc  |2 rdasoporte 
649 |a XX 
650 |a Neuronas 
650 |a Sistema Nervioso -  |x Enfermedades -  |x Diagnóstico -  |x Tema Principal 
650 |a Sistema Nervioso -  |x Enfermedades -  |x Tratamiento -  |x Tema Principal 
650 |a Neuroanatomía 
650 |a Neurofisiología 
650 |a Neuropsicología 
650 |a Neurología 
650 |a Neurociencias 
910 |a Fondo General 
920 |a Impresos - Libros 
930 |a Colección General 
905 |a 101 
901 |a 0500143613  |b IT1  |c ACC  |u 20250521 
902 |a https://opac.biblio.iteso.mx/vufind/Record/000262700